Henri Bergson y su revolución metodológica

Guardat en:
Dades bibliogràfiques
Autor principal: Ruiz Sánchez, Antonio (Autor)
Format: Llibre
Idioma:espanyol
Publicat: Salamanca Universidad Pontificia de Salamanca 1987
Col·lecció:Schelling Ausgewählte Werke
Matèries:
Etiquetes: Afegir etiqueta
Sense etiquetes, Sigues el primer a etiquetar aquest registre!

MARC

LEADER 00000nam a2200000 a 4500
001 UCZ4212
003 CL-VaPUC
008 951106e19870000SP |||||||||||||||||spa|d
082 0 4 |a 143  |b RUI  |2 21 
100 0 |a Ruiz Sánchez, Antonio  |e author  |9 348169 
245 1 0 |a Henri Bergson y su revolución metodológica 
300 |a 208 p 
942 |c BK 
945 |d 19951106 00:00:00  |a cmena 
260 |a Salamanca  |b Universidad Pontificia de Salamanca  |c 1987 
600 0 |a Bergson, Henri-Louis  |9 318450 
650 0 |a Intuición  |9 333290 
650 0 |a Filosofía francesa   |9 255698 
650 0 |a Metodología   |9 256610 
650 0 |a Escuelas filosóficas   |9 266232 
650 0 |a Biografías  |9 255210 
583 |a last modification  |c 20130403 08:38:15  |k Rodrigo Vera 
490 0 |a Schelling Ausgewählte Werke 
999 |c 240628  |d 240626 
952 |0 0  |1 0  |4 0  |6 143_000000000000000_RUI_1987  |7 0  |8 P  |9 252599  |a BIBEDU  |b BIBEDU  |c BIBEDU_PB  |d 2019-11-18  |i 1595202  |o 143 RUI 1987  |p 1595202  |r 2024-01-25  |w 2019-11-18  |y BK  |k FIL